MDQL
is popping MORE tags! Check the
thread
!
Quizzes
Events
Quiz Creation
Community
Videos
Private Events
Remove Ads
Sign In
Join for FREE
Feedback
Dark Mode
Quiz Categories
Sports
Geography
Music
Movies
Television
Just For Fun
Miscellaneous
History
Literature
Language
Science
Gaming
Entertainment
Religion
Holiday
For Kids
Quiz Lab
Recent
Popular Today
Quiz Kudos Today
Editor Picks
Curator Picks
Quizzes by...
Day
Popularity
Type
Ratings
Length
Year
Community
Subscriptions
Recent Discussions
Orange Saloon
Badges
Playlists
Quests
Create
Leaderboards
Showdown
Live 5
Trivia Bingo
Activity
Puzzle Library
Sporcle Events
Private Events
Virtual Trivia
Globe League
Become a Host
Pub Owners
SporcleCon
Opinionation
Our Games
Videos
Blog
Mobile Apps
Partnerships
Remove Ads and Go Orange
Feedback
Language
Vocabulary
Begins and Ends
Definition
Spanish
French
German
Italian
Chinese
Latin
Translation
Japanese
Language
Vocabulary
Begins and Ends
Definition
Spanish
French
German
Italian
Chinese
Latin
Translation
Japanese
Random Quiz
Search Sporcle
×
Quiz Lab
Quiz Lab
Language
same
Type in answers that appear in a list
Type in answers that appear in a list
Classic
Best Score? Go Orange.
Sounds the same Stats
Can you name the Sounds the same?
By
MK_ALPHA
5m
15 Questions
155 Plays
155 Plays
155 Plays
Comments
Comments
Give Quiz Kudos
Give Quiz Kudos
-
- Ratings
hide this ad
More Info
Replay
Link that replays current quiz
Next Quiz
Link to next quiz in quiz playlist
You Got
0%
They Got
Avg Score
37%
Avg Friend Score
Upgrade to see
Score Distribution
Jump to the score distribution portion of the page
Score
0/15
Timer
05:00
0
Plays Today
Hints
Homophones
% Correct
Herb belonging to mint family /
measured by clocks
thyme | time
93.5%
first number /
past of be victorious
one | won
60%
water falling from the sky /
monarch's rule
rain | reign
58.1%
Belongs to me and others /
full clock rotation
our | hour
51%
past of move in the air /
winter sickness
flew | flu
47.7%
locate /
being charged for overdue items
find | fined
47.1%
verbal conversation /
clock makes this sound second
talk | tock
40.6%
message delivery /
guys and men
mail | male
36.8%
Hints
Homophones
% Correct
painful /
excel or do like a bird in the air
sore | soar
34.2%
water droplets /
something at the deadline
dew | due
27.7%
opposite of from /
square's sides
for | four
27.1%
speed of sound /
insult or imitate
mach | mock
24.5%
type of pan /
move somewhat slowly
wok | walk
11.6%
grants wishes /
large boat or ship
fairy | ferry
7.7%
bulb-
like fruit /
group of two
flair | flare
0.6%
Quiz Playlist
Details
Report
Send in Message
Add To Playlist
More Info:
Separate the two homophones with a slash.
Classic:
Type in answers that appear in a list
Last Updated: Feb 16, 2017
Quiz Scoreboard
CHALLENGE
Sign Up to Join the Scoreboard
Show All
Scores
Hide
Comments
May contain spoilers
Recently Published
Image Sorting: Flags VI
by Barbecue
Geography
2m
Find the 'City' Movie
by crazypaving
Movies
60s
Colored Red Africa Blitz
by spor1
Geography
45s
More to Explore
Quiz From the Vault
Featured Blog Post
14 Easter Pick-up Lines to Find Eggs With
hide this ad
You Might Also Like...
Tags
homophone
same
sound
Today's Top Quizzes in Language
Browse Language
hide this ad
Today's Top Quizzes in same
Browse same
Top Contributed Quizzes in Language
1
What Word Starts All?
2
Arabic Numerals
3
1-10 Letter F Words III
4
1-10 Letter G Words III
5
1-10 Letter H Words III
6
Weisst du, aus welchen Sprachen diese Wörter stammen?
7
1-10 Letter I Words III
8
Latihan Huruf Hiragana KA KI KU KE KO
9
1-10 Letter M Words III
10
1-10 Letter J Words III
Explore More
Trending Topics
Kpop
Anime
Disney
Marvel
Harry Potter
Crossword
NBA
NFL
Pokémon
Puzzle
Song
The Office
Soccer
WWE
Country
hide this ad
More By:
MK_ALPHA
Quiz
Plays
Rating
Category
Featured
Created
Sounds the same
155
1.00
Language
Mar 24, 2010
Go to Creator's Profile
Score Distribution
Quiz Creator Spotlight
MK_ALPHA
Follow
Send a Message
Quizzes Created
-
Created Quiz Play Count
-
More By This Creator
Popular Quizzes Today
1
Colored Red Africa Blitz
2
Find the US States - No Outlines Minefield
3
Find the 'City' Movie
4
5x2 Blitz: Bands
5
The Countries of the World
6
Find the US States
7
Find the Countries of Europe - No Outlines Minefield
8
US States
More Language Quizzes
Find the 'N' Things
Published
Trending Quizzes
Colored Red Europe Blitz I
Colored Red Europe Blitz II
Colored Red Africa Blitz II
Colored Red Europe Blitz III
Colored Red Africa Blitz III
Recently Updated
How Do You Spell That?
pecheneg
Godzilla Movies
pecheneg
Grab Bag: 4-10 Letters
pecheneg
2024 March Madness Bracket
pecheneg
Famous TV Couples
Peacemaker
Champions League XIs: Real Madrid
pecheneg
Largest US Cities 1790-2010
pecheneg
Rides in Walt Disney World
pecheneg
Most Oscar Losses (Acting)
pecheneg
Beyoncé Albums
pecheneg
Trending Topics
Kpop
Crossword
Anime
Marvel
Harry Potter
NBA
Disney
Song
Pokémon
The Office
Soccer
Country
NFL
Puzzle
WWE
Your Account Isn't Verified!
In order to create a playlist on Sporcle, you need to verify the email address you used during registration. Go to your
Sporcle Settings
to finish the process.
Report this User
Report this user for behavior that violates our
Community Guidelines
.
Details:
Send Report
Go to the Sporcle.com Mobile Site →
Comments